000 00344nam a2200145Ia 4500
008 231129s1998||||xx |||||||||||||| ||spa||
020 _a970-643-072-5
040 _bspa
082 _a616.238 R643a
100 _aRoberts Ron
245 0 _aAsma
260 _c1998
264 _aSelector
942 _2ddc
_cBKS
999 _c5724
_d5724